书目信息 |
| 题名: |
讨价还价理论及其应用
|
|
| 作者: | 穆素 著 ;管毅平 , 郑丹秋 译 | |
| 分册: | ||
| 出版信息: | 上海 上海财经大学出版社 2005 |
|
| 页数: | 266页 | |
| 开本: | 23cm | |
| 丛书名: | 新世纪高校经济学教材译丛 | |
| 单 册: | ||
| 中图分类: | F715.4 | |
| 科图分类: | ||
| 主题词: | 贸易谈判--高等学校--教材 , 贸易谈判 | |
| 电子资源: | ||
| ISBN: | 7-81098-539-6 | |
| 000 | 01077oam2 2200301 450 | |
| 001 | 003078322 | |
| 005 | 20061123093055.90 | |
| 010 | @a7-81098-539-6@dCNY36.00 | |
| 100 | @a20060215d2005 em y0chiy0110 ea | |
| 101 | 1 | @achi@ceng |
| 102 | @aCN@b310000 | |
| 105 | @ay z 000yy | |
| 200 | 1 | @a讨价还价理论及其应用@9tao jia huan jia li lun ji qi ying yong@f(英)阿伯西内·穆素(Abhinay Muthoo)著@g管毅平,郑丹秋等译 |
| 210 | @a上海@c上海财经大学出版社@d2005 | |
| 215 | @a266页@d23cm | |
| 225 | 2 | @a新世纪高校经济学教材译丛 |
| 312 | @a封面英文题名:Bargaining theory with application | |
| 330 | @a本书内容包括预备知识、纳什讨价还价解、鲁宾斯坦模型、破裂的风险、外部选择等。 | |
| 461 | 0 | @12001 @a新世纪高校经济学教材译丛 |
| 510 | 1 | @aBargaining theory with application@zeng |
| 606 | 0 | @a贸易谈判@x高等学校@j教材 |
| 606 | 0 | @a贸易谈判 |
| 690 | @aF715.4@v4 | |
| 701 | 0 | @c(英)@a穆素@9mu su@c(Muthoo, Abhinay)@4著 |
| 702 | 0 | @a管毅平@9guan yi ping@f(1955~)@4译 |
| 702 | 0 | @a郑丹秋@9zheng dan qiu@4译 |
| 801 | 0 | @aCN@bNLC@c20061123 |
| 905 | @a10447@dF715.4@e164 | |
| 讨价还价理论及其应用/(英)阿伯西内·穆素(Abhinay Muthoo)著/管毅平,郑丹秋等译.-上海:上海财经大学出版社,2005 |
| 266页;23cm.-(新世纪高校经济学教材译丛) |
| ISBN 7-81098-539-6:CNY36.00 |
| 本书内容包括预备知识、纳什讨价还价解、鲁宾斯坦模型、破裂的风险、外部选择等。 |
| ● |
| 相关链接 |
|
|
|
|
正题名:讨价还价理论及其应用
索取号:F715.4/164
 
预约/预借
| 序号 | 登录号 | 条形码 | 馆藏地/架位号 | 状态 | 备注 |
| 1 | 0390377 | 203903776 | 第一样本阅览室/ [索取号:F715.4/164] | 在馆 | |
| 2 | 0390378 | 203903785 | 第一借阅区/ [索取号:F715.4/164] | 在馆 | |
| 3 | 0390379 | 203903794 | 第一借阅区/ [索取号:F715.4/164] | 在馆 | |
| 4 | 0390380 | 203903801 | 第一借阅区/ [索取号:F715.4/164] | 在馆 | |
| 5 | 0390381 | 203903810 | 第一借阅区/ [索取号:F715.4/164] | 在馆 |